Harry Potter Easy Test! - Statistics

General Stats
  • This quiz has been taken 485 times
  • The average score is 10 of 13
Answer Stats
Hint Answer % Correct
what school do harry and his friends go to? hogwarts
100%
What Is Harry's owl name? Hedwig
97%
who dies in the fourth book? cedric
94%
who wrote the potter books? jk rowling
93%
who is fred's twin? George
91%
who tells Harry there a wizard? Hagrid
90%
how many weasleys are there? 9
88%
what creature hides in the chamber of secrets? Basilisk
88%
what house is the cunning ones? Slytherin
81%
what is hermiones middle name? Jean
77%
who teaches history of magic? Binns
60%
what is Snapes Last words? look at me
42%
Who says "whats life with out a little risk"? Sirius Black
39%
No matching quizzes found
Score Distribution
Percent of People with Each Score
Percentile by Number Answered
Your Score History
You have not taken this quiz